| 000 | 01269nam a22003134a 4500 | ||
|---|---|---|---|
| 001 | ebr10064622 | ||
| 003 | CaPaEBR | ||
| 006 | m u | ||
| 007 | cr cn||||||||| | ||
| 008 | 020318s2003 enka sb 001 0 eng | ||
| 010 | _z 2002025622 | ||
| 020 | _z0521818028 | ||
| 040 |
_aCaPaEBR _cCaPaEBR |
||
| 035 | _a(OCoLC)56416111 | ||
| 050 | 1 | 4 |
_aQA76.76.E95 _bB265 2003eb |
| 082 | 0 | 4 |
_a006.3/3 _221 |
| 100 | 1 | _aBaral, Chitta. | |
| 245 | 1 | 0 |
_aKnowledge representation, reasoning, and declarative problem solving _h[electronic resource] / _cChitta Baral. |
| 260 |
_aCambridge ; _aNew York : _bCambridge University Press, _c2003. |
||
| 300 |
_axiv, 530 p. : _bill. |
||
| 504 | _aIncludes bibliographical references (p. 498-518) and index. | ||
| 533 |
_aElectronic reproduction. _bPalo Alto, Calif. : _cebrary, _d2013. _nAvailable via World Wide Web. _nAccess may be limited to ebrary affiliated libraries. |
||
| 650 | 0 | _aExpert systems (Computer science) | |
| 650 | 0 | _aArtificial intelligence. | |
| 650 | 0 | _aKnowledge representation (Information theory) | |
| 655 | 7 |
_aElectronic books. _2local |
|
| 710 | 2 | _aebrary, Inc. | |
| 856 | 4 | 0 |
_uhttp://site.ebrary.com/lib/rucke/Doc?id=10064622 _zAn electronic book accessible through the World Wide Web; click to view |
| 999 |
_c48190 _d48190 |
||